000 00323 a2200157 4500
001 191338
020 _a
040 _cMagnum
100 _aSheikk, Luciano
240 1 0 _aO pardal e o chapinha
_lpor
245 1 0 _aO pardal e o chapinha
300 _a8
362 0 _a2010
697 _aLITERATURA INFANTO
942 _cBK
999 _c191338
_d191338